000 02335nam a2200253Ia 4500
003 Ost
005 20260507075454.0
008 260507s9999||||xx |||||||||||||| ||und||
020 _a33000299579
040 _cfsecg
041 _aara
082 _a658.5
100 _aالشمرتي، حامد سعد نور
_eمؤلف
245 0 _aمدخل إلى بحوث العمليات /
_c حامد سعد نور الشمرتي
260 _aعمان:
_bدار المجدلاوي,
_c2007
300 _a520 صفحة؛
_bإيضاحات ؛
_c24 سم
504 _aبيبليوغرافيا ص.519
520 _aالفصل الاول : البرمجة الخطية : المدخل : نشأة بحوث العمليات : مسائل توضيحية : طرائق حل البرمجة الخطية : طريق السمبلكس : طريقة السمبلكس ذات المرحلتين : نظرية المقابل : الشروط الوهمية التكميلية : طريقة المسبلكس المعدلة : طريقة المسبلكس بواسطة التجزئة : طريقة المسبلكس و المتغيرات المحددة-الفصل الثانى : المبرمجة الخطية الصحيحة : المدخل : مسائل توضيحية : طرائق حل مسالة البرمج الخطية الصحيحة : البرمجة الثنائية-الفصل الثالث : البرمجة الخطية المعملية : المدخل : التغيير فى C : التغيير فى b : التغيير فى Pj : التغيير فى b و c-الفصل الرابع : مسالة النقل : المدخل : تكوين النموذج النقل : صياغة النموذج برمجة خطية : مسائل تطبيقية : ايجاد الحل الاولى حل مسألة التقل غير المتوازنة : مسألة التعظيم-الفصل الخامس : تحليل المخططات الشبكية-الفصل السادس : نظرية المباراة : المدخل : مباراة الشخصين ذات المجموع الصفرى - الفصل السابع : نظرية صفوف الانتظار : تطبيقات صفوف الانتظار
653 _aادارة اعمال
653 _aادارة تنفيذية
653 _aبحوث العمليات
700 _aالزبيدي، علي خليل
_eمؤلف ثانوي
942 _cكتاب
999 _c44658
_d44658